00945cam a22002411 4500001001300000003000400013005001700017008004100034010001700075035002000092040001800112042001200130050002100142100003500163245011600198260005700314300001800371440015900389500001700548500002300565600009800588999001700686it 01000253 DLC20260227111518.0970407s1876 it 000 0 lat  ait 01000253  a(OCoLC)36687057 aDLCcOCUdDLC apremarc00aAS222b.F5 no. 31 aVitelli, Girolamo,d1849-1935.10aIn Hegesippi oratione De Halonneso codicum Florentinorum lectionis discrepantiam descripsit Hieronymus Vitelli. aFirenze,bCoi tipi dei successori Le Monnier,c1876. a12 p.c27 cm. 0aPubblicazioni del R. Istituto di studi superiori pratici e di perfezionamento in Firenze. Sezione di filosofia e filologia.vvol. II, dispensa 2a. [no. 8] aCover title. aDouble pagination.00aHegesippus,dapproximately 390 B.C.-approximately 325 B.C.tDe HalonnesoxCriticism, Textual. c34856d34856